000 00536nam a2200193 i 4500
001 bg
100 1 _aMENGES, Georg
245 0 _aEinführung in die Kunststoffverarbeitung /
_cGeorg Menges.
260 _aMünchen :
_bCarl Hanser,
_c1975.
490 1 _aStudienbücher der Technischen Wissenschaften
830 _aStudienbücher der Technischen Wissenschaften
020 _a3446121110
040 _cBPK
041 _apol
080 _a678
920 _a3-446-12111-0
942 _cKS
008 s pl f |000 0 pol
999 _c27562
_d27562
856 _uhttp://koha.tu.koszalin.pl/cgi-bin/koha/opac-detail.pl?biblionumber=27562
_yKatalog online BPK